| 000 | 00363nam a22001217a 4500 | ||
|---|---|---|---|
| 082 | _a220 PRO | ||
| 100 |
_aDANISH,SAAD,WASIM _971905 |
||
| 245 | _aPR-SOF-1382-INDUSTRIAL THERMAL ENERGY AUDIT AND DESIGNING OF WASTE-HEAT RECOVERY SYSTEMS | ||
| 260 |
_aISLAMABAD _bNUST COLLEGE OF EME _c2014 |
||
| 650 | _a DE-MECH-32 | ||
| 700 |
_aAHMED SOHAIL _919076 |
||
| 942 | _cCR | ||
| 999 |
_c578174 _d578174 |
||